000 00421nam a2200157Ia 4500
008 241217s9999||||xx |||||||||||||| ||und||
020 _a9780130957269
_c0
040 _beng
_cSSK Library
_erda
082 _a338.5/CAS
100 _a Mary H. Lesser
245 0 _aPrinciples Of Microeconomics
260 _b Prentice Hall
_c©1999
942 _2Dewey Decimal Classification
_cBOOK
_nNo
999 _c25158
_d25158
003 OSt
005 20241217112944.0